All Cruisers in the Imperial Japanese Navy that participated in WWII - Statistics

General Stats
  • This quiz has been taken 156 times
  • The average score is 29 of 43
Answer Stats
Ship Class Name % Correct
Furutaka Class Furutaka
99%
Aoba Class Aoba
98%
Myoko Class Myoko
98%
Tenryu Class Tenryu
98%
Takao Class Takao
97%
Sendai Class Sendai
95%
Nagara Class Nagara
94%
Kuma Class Kuma
93%
Mogami Class Mogami
93%
Oyodo Class Oyodo
92%
Tone Class Tone
92%
Yubari Class Yubari
92%
Agano Class Agano
91%
Katori Class Katori
90%
Atago
76%
Kako
75%
Chikuma
74%
Maya
74%
Suzuya
72%
Chokai
67%
Mikuma
67%
Ashigara
65%
Nachi
65%
Kinu
64%
Haguro
60%
Kinugasa
59%
Kumano
57%
Oi
57%
Jintsu
52%
Kitakami
51%
Isuzu
50%
Yahagi
50%
Tatsuta
48%
Naka
44%
Tama
43%
Abukuma
42%
Kashima
42%
Noshiro
42%
Kashii
39%
Sakawa
39%
Natori
33%
Kiso
31%
Yura
31%
No matching quizzes found
Score Distribution
Percent of People with Each Score
Percentile by Number Answered
Your Score History
You have not taken this quiz